Culture Générale - Série 109 - Statistiques

Statistiques générales
  • Ce quiz a été pris 528 fois
  • Le résultat moyen est 6 sur 10
Statistiques - réponses
Question Réponse % Correct
Avec quels animaux gigantesques Hannibal a-t-il traversé les Alpes ? Eléphants
86%
Quelle équipe nationale de football surnomme-t-on "la Squadra Azzura" ? Italie
79%
De quelle ville Crockett et Tubbs sont-ils les "Deux Flics" ? Miami
70%
Qu'est-ce que le Walhalla dans la mythologie nord-germanique ? Paradis
68%
De quel arbre le coing est-il le fruit ? Cognassier
66%
En 1940, qui est "l'apprenti sorcier" dans "Fantasia", des studios Disney ? Mickey
64%
Quelle chanteuse trouvait qu'"il y a trop de gens qui t'aiment" ? Hélène Segara
49%
De quelle eau Bourvil vante-t-il les mérites dans un célèbre sketch ? L'eau ferrugineuse
33%
Qu'est-ce qui a remplacé sa cigarette quand Lucky Luke a arrêté de fumer ? Une brindille
27%
Sur quelle île de Guyane fut détenu le capitaine Dreyfus ? Ile du Diable
22%
Aucun quiz correspondant
Distribution des résultats
% des personnes avec chaque résultat
Percentile par nombre de réponses
Votre historique - résultats
Vous n’avez pas pris ce quiz